1115 1919 1788 1759 1528 1479 1997 1892 1774 1828 1785 1297 1269 1194 1174 1759 1872 1929 1113 1456 1044 1752 1277 1158 1952 1998 1253 1019 1709 1009 1622 1173 1446 1152 1789 1200 1543 1874 1596 1871 1017 1284 1162 1793 1519 1755 1570 1634 1029 1575 1395 1652 1728 1758 1557 1872 1496 1845 1460 1531 1439 1120 1214 1024 1540 1062 1375 1873 1239 1427 1259 1370 1454 1415 1852 1894 1231 1299 1768 1689 1923 1243 1466 1400 1747 1501 1125 1762 1086 1494 1121 1228 1401 1798 1852 1476 1238 1071 1835 BCNSPRNW ULIB Ver.6.0+V

เปลี่ยนเป็นภาษาไทย

Change to English
 แสดงรายละเอียดบรรณานุกรม
  กลับหน้าหลัก

Brief Record : Get Marc (ISO 2709) : E-mail record : QR code < ปิดหน้าต่าง
LEADER : 00000nam 2200000uu 4500
001    13399128325
003     ULIB
008    230609s2565||||th 000 0 tha d
020    ^a9786163986986
060 04 ^aWY157^bก492
245 00 ^aการพยาบาลและการผดุงครรภ์ :^bสตรีที่มีภาวะเสี่ยงและภาวะแทรกซ้อน /^cบรรณาธิการ, ปิยะภรณ์ ประสิทธิ์วัฒนเสรี
250    ^aพิมพ์ครั้งที่ 2
260    ^aเชียงใหม่ :^bคณะพยาบาลศาสตร์ มหาวิทยาลัยเชียงใหม่,^c2565
300    ^a(7), 602 หน้า ;^c26 ซม.
650  4 ^aภาวะแทรกซ้อนขณะมีครรภ์
650  4 ^aการผดุงครรภ์
650  4 ^aการพยาบาล
650  4 ^aการพยาบาลสูติศาสตร์
650  4 ^aอนามัยแม่และเด็ก^xการพยาบาล
700 0  ^aปิยะภรณ์ ประสิทธิ์วัฒนเสรี,^eบรรณาธิการ
710 2  ^aมหาวิทยาลัยเชียงใหม่. ^bคณะพยาบาลศาสตร์
945    ^p450^l0^i29543
945    ^p450^l0^i29544
945    ^p450^l0^i29545
945    ^p450^l0^i29546
945    ^p450^l0^i29547
999    ^aกัณชพร จุลอักษร
รายการนี้ยังไม่มีแท็ก
คุณยังไม่ได้ล็อกอิน คุณสามารถมีกิจกรรมร่วมกับเว็บไซต์ได้ แต่ต้องล็อกอินก่อน ::
  ล็อกอิน

รายการสื่อสารสนเทศ

ลำดับที่ ประเภท เลขเรียก/บาร์โค้ด สถานที่ สถานะ
1. หนังสือสำรอง
หนังสือสำรอง
WY157 ก492 ฉ.1 
  Barcode: 29543
ห้องสมุดวิทยาเขตนครสวรรค์
►หนังสือทั่วไป:l:General Books
ถูกยืม กำหนดส่งวันที่ 9 กรกฎาคม 2566
  จอง
2. วิทยาศาสตร์การแพทย์ และสุขภาพ
วิทยาศาสตร์การแพทย์ และสุขภาพ
WY157 ก492 ฉ.2 
  Barcode: 29544
ห้องสมุดวิทยาเขตนครสวรรค์
►หนังสือทั่วไป:l:General Books
บนชั้น
3. วิทยาศาสตร์การแพทย์ และสุขภาพ
วิทยาศาสตร์การแพทย์ และสุขภาพ
WY157 ก492 ฉ.3 
  Barcode: 29545
ห้องสมุดวิทยาเขตนครสวรรค์
►หนังสือทั่วไป:l:General Books
บนชั้น
4. วิทยาศาสตร์การแพทย์ และสุขภาพ
วิทยาศาสตร์การแพทย์ และสุขภาพ
WY157 ก492 ฉ.4 
  Barcode: 29546
ห้องสมุดวิทยาเขตนครสวรรค์
►หนังสือทั่วไป:l:General Books
บนชั้น
5. วิทยาศาสตร์การแพทย์ และสุขภาพ
วิทยาศาสตร์การแพทย์ และสุขภาพ
WY157 ก492 ฉ.5 
  Barcode: 29547
ห้องสมุดวิทยาเขตนครสวรรค์
►หนังสือทั่วไป:l:General Books
ถูกยืม กำหนดส่งวันที่ 22 มกราคม 2569
  จอง

รายการใกล้เคียง
    หัวเรื่อง [ภาวะแทรกซ้อนขณะมีครรภ์]
    หัวเรื่อง [การผดุงครรภ์]
    หัวเรื่อง [การพยาบาล]
    หัวเรื่อง [การพยาบาลสูติศาสตร์]

BibComment


ยังไม่เคยถูกคอมเมนท์

คอมเมนท์ทรัพยากรรายการนี้
  คอมเมนท์: การพยาบาลและการผ..


 Copyright 2026. Bcnsprnw @Library